Alle Gegner die gegen Deutschland bei der EM gespielt haben - Statistiken

Allgemein
  • Dieses Quiz wurde 321 mal gespielt
  • Das Durchschnittsergebnis liegt bei 48 aus 53
Antwortstatistiken
Spiel Ergebnis Gegner % Korrekt
2016: Halbfinale 0:2 Frankreich
99%
2020: Vorrunde 0:1 Frankreich
99%
1984: Vorrunde 0:0 Portugal
99%
2000: Vorrunde 0:3 Portugal
99%
2008: Viertelfinale 3:2 Portugal
99%
2012: Vorrunde 1:0 Portugal
99%
2020: Vorrunde 4:2 Portugal
99%
1996: Halbfinale 1:1 i. E. 6:5 England
98%
2000: Vorrunde 0:1 England
98%
2020: Achtelfinale 0:2 England
98%
1988: Vorrunde 1:1 Italien
98%
1996: Vorrunde 0:0 Italien
98%
2012: Halbfinale 1:2 Italien
98%
2016: Viertelfinale 1:1 i. E. 6:5 Italien
98%
2008: Vorrunde 2:0 Polen
98%
2016: Vorrunde 0:0 Polen
98%
1984: Vorrunde 0:1 Spanien
98%
1988: Vorrunde 2:0 Spanien
98%
2008: Finale 0:1 Spanien
98%
1980: Vorrunde 3:2 Niederlande
97%
1988: Halbfinale 1:2 Niederlande
97%
1992: Vorrunde 1:3 Niederlande
97%
2004: Vorrunde 1:1 Niederlande
97%
2012: Vorrunde 2:1 Niederlande
97%
2008: Vorrunde 1:0 Österreich
96%
1992: Halbfinale 3:2 Schweden
96%
1972: Halbfinale 2:1 Belgien
95%
1980: Finale 2:1 Belgien
95%
1988: Vorrunde 2:0 Dänemark
95%
1992: Finale 0:2 Dänemark
95%
2012: Vorrunde 2:1 Dänemark
95%
1996: Vorrunde 2:0 Tschechien
92%
1996: Finale 2:1 Tschechien
92%
2004: Vorrunde 1:2 Tschechien
92%
2020: Vorrunde 2:2 Ungarn
92%
1996: Vorrunde 3:0 Russland
91%
1996: Viertelfinale 2:1 Kroatien
90%
2008: Vorrunde 1:2 Kroatien
90%
2016: Vorrunde 2:0 Ukraine
90%
1980: Vorrunde 0:0 Griechenland
89%
2012: Viertelfinale 4:2 Griechenland
89%
2008: Halbfinale 3:2 Türkei
86%
2016: Achtelfinale 3:0 Slowakei
85%
1984: Vorrunde 2:1 Rumänien
81%
2000: Vorrunde 1:1 Rumänien
81%
1992: Vorrunde 2:0 Schottland
81%
1976: Halbfinale 4:2 n. V. Jugoslawien
73%
2004: Vorrunde 0:0 Lettland
65%
2016: Vorrunde 1:0 Nordirland
64%
1976: Finale 2:2 n. V. 3:5 i. E. Tschechoslowakei
61%
1980: Vorrunde 1:0 Tschechoslowakei
61%
1972: Finale 3:0 Sowjetunion
53%
1992: Vorrunde 1:1 Sowjetunion (GUS)
53%
Keine übereinstimmenden Quizze gefunden
Verteilung der Resultate
Anzahl Personen mit jedem Resultat
Perzentil nach korrekt beantworteten Fragen
Ihre Resultats-Entwicklung
Sie haben dieses Quiz noch nicht gespielt